La irrupción del pobre en la sociedad y en la Iglesia (Record no. 291339)
[ view plain ]
| 000 -CABECERA | |
|---|---|
| Campo de control de longitud fija | 00571nam a22001697u 4500 |
| 008 - CÓDIGOS DE INFORMACIÓN DE LONGITUD FIJA | |
| Campo de control de longitud fija | 130405s1981 xxu||||| |||| 00| 0 spa d |
| 017 ## - NÚMERO DE COPYRIGHT O DE DEPÓSITO LEGAL | |
| Número de copyright o de depósito legal | BI-2334-1981 |
| 020 ## - NÚMERO INTERANCIONAL NORMALIZADO PARA LIBROS (ISBN) | |
| Número Internacional Normalizado para Libros (ISBN) | 8433105863 |
| 041 ## - CÓDIGO DE LENGUA | |
| Código de lengua del texto/banda sonora o título independiente | spa |
| 001 - NÚMERO DE CONTROL | |
| Campo de control | 49929 |
| 245 00 - MENCIÓN DE TÍTULO | |
| Título | La irrupción del pobre en la sociedad y en la Iglesia |
| Resto del título | :Documentos finales del IV congreso internacional ecuménico de teología del Tercer Mundo |
| Mención de responsabilidad, etc. | Teófilo Cabestrero |
| 260 ## - PUBLICACIÓN, DISTRIBUCIÓN, ETC... (PIE DE IMPRENTA) | |
| Lugar de publicación, distribución, etc. | Bilbao: |
| Nombre del editor, distribuidor, etc. | Desclée de Brower, |
| Fecha de publicación, distribución, etc. | 1981 |
| 300 ## - DESCRIPCIÓN FÍSICA | |
| Extensión | 122 p. |
| Dimensiones | ;21 cm. |
| 650 04 - PUNTO DE ACCESO ADICIONAL DE MATERIA-TÉRMINO DE MATERIA | |
| Término de materia o nombre geográfico como elemento inicial | Sociología |
| 9 (RLIN) | 15857 |
| 700 1# - PUNTO DE ACCESO ADICIONAL-NOMBRE DE PERSONA | |
| Nombre de persona | Cabestrero, Teófilo |
| 9 (RLIN) | 4044 |
| 942 ## - ENTRADA DE ELEMENTOS AGREGADOS (KOHA) | |
| Koha [por defecto] tipo de item | Libros |
| Suprimido | Perdido | Estropeado | No para préstamo | Localización permanente | Localización actual | Localización en estantería | Fecha adquisición | Préstamos totales | Signatura completa | Número de Registro / Código de Barras | Fecha última consulta | Fecha del precio de reemplazo | Tipo de item de Koha |
|---|---|---|---|---|---|---|---|---|---|---|---|---|---|
| San Esteban | San Esteban | Depósito de libros | 21/05/2013 | 301 CONTeólogos y bases del tercer mundo. Tercer mundo, tercera Iglesia | 49929 | 21/05/2013 | 21/05/2013 | Libros |
